| 000 | 00973nam a22003017a 4500 | ||
|---|---|---|---|
| 003 | CHAP | ||
| 005 | 20220817042621.0 | ||
| 008 | 971013s1976 r 00010 d | ||
| 010 | _a49969 | ||
| 011 | _a50941 | ||
| 035 | _a55091 | ||
| 040 | _cCHAP | ||
| 082 |
_a080 _bS4 v.268 |
||
| 100 | 0 | 0 |
_aFell, Claude. _940009 |
| 245 | _aEstudios de literatura hispanoamericana contemporánea | ||
| 260 |
_aMéxico : _bSecretaría de Educación Pública, _c1976 |
||
| 300 | _a190 p. | ||
| 490 |
_aSEP. Setentas _v; 268 |
||
| 590 |
_aBATCH-UPD _b10 _c20130110 _lUCH01 _h0730 |
||
| 590 |
_aCONVERSION _b10 _c20130109 _lUCH01 _h1327 |
||
| 650 | 1 | 4 |
_aLiteratura latinoamericana. _967135 |
| 830 | 0 |
_aSEP. Setentas _v; 268 |
|
| 901 | _aBK | ||
| 942 | _cLIBRO | ||
| 949 |
_a080 S4 v.268 _bBC _cLIBRO _d-121117 _eLIBRO _h43720 _i55091 _si |
||
| 949 |
_a080 S4 v.268 _bBC _cLIBRO _d-121119 _eLIBRO _fc.2 _h43721 _i55091 _si |
||
| 949 |
_a080 S4 v.268 _bBC _cLIBRO _d-121120 _eLIBRO _fc.3 _h44423 _i55091 _si |
||
| 999 |
_c49969 _d49969 |
||